000
00313nam a22001337a 4500
020
_a
9780198096320
082
_a
620.1
_b
BHA/EN
100
_a
Bhattacharyya,Basudeb
_9
752
245
_a
Engineering Mechanics
250
_a
2 nd
260
_a
New Delhi
_b
Oxford University Press
_c
2014
300
_a
798
942
_c
BK
999
_c
14451
_d
14451